Koniec transatlantickej spolupráce

Západní partneri sa neustále vzďalujú od spoločnej reči. Prehlbuje sa priepasť medzi EÚ a USA. Dôvody, ktoré oslabujú a znemožňujú atlantickú kooperáciu. EÚ a jej hlboké vnútorné zmeny spôsobujú, že Atlantik sa stáva čoraz "širší".

Na minha lista:
Detalhes bibliográficos
Autor principal: Belmiloud, Majid
Formato: Capítulo de Livro
Idioma:eslovaco
Assuntos:
Tags: Adicionar Tag
Sem tags, seja o primeiro a adicionar uma tag!

MARC

LEADER 00000naa$a2200000$$$4500
001 0038984
005 20221128095024.5
041 0 |a slo 
044 |a SK 
245 1 0 |a Koniec transatlantickej spolupráce  |c Majid Belmiloud 
520 |a Západní partneri sa neustále vzďalujú od spoločnej reči. Prehlbuje sa priepasť medzi EÚ a USA. Dôvody, ktoré oslabujú a znemožňujú atlantickú kooperáciu. EÚ a jej hlboké vnútorné zmeny spôsobujú, že Atlantik sa stáva čoraz "širší". 
610 2 0 |a Európska únia 
610 2 0 |a USA 
610 2 0 |a krajiny vyspelé 
610 2 0 |a západná Európa 
610 2 0 |a vzťahy medzinárodné 
610 2 0 |a kooperácia 
610 2 0 |a sloboda 
610 2 0 |a devalvácia 
610 2 0 |a dolár 
100 1 |a Belmiloud, Majid